000 00924nam a2200229Ia 4500
003 GCL
008 140319s9999 xx 000 0 ara d
020 _a2555024977
040 _aGCL /
_cGCL
082 0 4 _a343.094
_bف ا
100 1 _aفريق من الخبراء
245 1 0 _aالاتفاقيات الدولية و الاقليمية للنقل البرى و دورها فى تذ ليل معوقات التجارة العربية البينية /
_cفريق من الخبراء
250 _aالاولى
260 _aالقاهرة :
_bالمنظمة العربية للتنمية الادارية ،
_c2003
300 _a282ص ؛
_c24 سم
650 0 4 _aالاتفاقيات الدولية
650 0 4 _aالمواصفات القياسية
650 0 4 _aالنقل البرى
650 0 4 _aالاتفاقيات الاقليمية
650 0 4 _aالنقل - قوانين و تشريعات
942 _2ddc
_cBK
999 _c5927
_d5927